000 00721nam a2200253Ia 4500
003 OSt
005 20220928101741.0
006 a|||||r|||| 00| 0
007 ta
008 220927b |||||||| |||| 00| 0 eng d
020 _c225
024 _a107607
037 _b443, 24/02/2010, Vani Prakashan
_cTextual
040 _aSDCL
_cSDCL
_beng
041 _2eng
_aeng
082 _aO152,1:g, Q0
100 _aMujavar Sardar
_9394747
245 0 _aHindi ghazal ki bhashik sanrachna.
260 _aNew Delhi
_bVani Parkashan
_c2010
300 _a121p.
_ccm.
650 _aHindi
_9391598
942 _hO152,1:g, Q0
_cTEXL
_2CC
999 _c710350
_d710350